000 00662cam a2200193 a 4500
001 199455
005 20241113144949.0
008 990624s2000 paua b 001 0 eng
020 _a1890151327 (hardbound : alk. paper)
050 0 0 _aBL240.2
_b.A77 2000
082 0 0 _a215
_221
100 1 _aArtigas, Mariano.
245 1 4 _aThe mind of the universe :
_bunderstanding science and religion /
_cMariano Artigas.
260 _aRadnor, Penn :
_bTempleton Foundation Press,
_cc2000.
300 _axx, 364 p. :
_bill. ;
_c24 cm.
650 0 _aReligion and science.
856 4 1 _3Table of contents
_uhttp://www.loc.gov/catdir/toc/fy0607/99037740.html
942 _2lcc
_cBK
_n0
999 _c1128
_d1128